El cerebro educado : ensayos sobre la neurociencia /

שמור ב:
מידע ביבליוגרפי
מחבר ראשי: Battro, Antonio M. (compilación)
מחברים אחרים: Fischer, Kurt W. (compilación) (compilación), Léna, Pierre (compilación) (compilación), Levi Montalcini, Rita (prefacio) (prefacio)
פורמט: ספר
שפה:ספרדית
יצא לאור: Barcelona, España : Gedisa, 2016, c2016
סדרה:(Neurociencia y Educación)
נושאים:
תגים: הוספת תג
אין תגיות, היה/י הראשונ/ה לתייג את הרשומה!

MARC

LEADER 00000nam^a2200000^a^4500
001 000399695
005 20250521000000.0
009 20260310121558.628
020 |a 978-84-9784-970-8 
037 |a Acervo ITESO - Biblioteca 
041 |a ESP 
082 |a 370.  |b BAT 
100 |a Battro, Antonio M.  |e (compilación) 
245 1 3 |a El cerebro educado :  |b ensayos sobre la neurociencia /  |c Comp. de A.M. Batro, K.W. Fischer, P. Léna ; pref. de R. Levi Montalcini ; tr. por Verónica Weinstabl, Servanda de Hagen. 
264 4 |a Barcelona, España :  |b Gedisa,  |c 2016, c2016 
300 |a 341 p. 
336 |a texto  |b txt  |2 rdacontenido 
337 |a sin mediación  |b n  |2 rdamedio 
338 |a volumen  |b nc  |2 rdasoporte 
440 1 |a (Neurociencia y Educación) 
500 |a Traducción de: The Educated Brain 
521 |a FIL 2017 EEnlace Desarrollo Educativo 
649 |a XX 
650 |a Cerebro 
650 |a Identidad 
650 |a Conciencia 
650 |a Creatividad 
650 |a Aprendizaje -  |x Tema Principal 
650 |a Neuroplasticidad 
650 |a Neurociencias -  |x Tema Principal 
650 |a Desarrollo Cognoscitivo 
650 |a Proceso Educativo -  |x Tema Principal 
650 |a Psicología Cognitiva 
650 |a Psicología Fisiológica 
650 |a Psicología Evolutiva 
650 |a Psicología Educativa 
650 |a Educación 
700 |a Fischer, Kurt W.  |e (compilación) 
700 |a Léna, Pierre  |e (compilación) 
700 |a Levi Montalcini, Rita  |e (prefacio) 
910 |a Fondo General 
920 |a Impresos - Libros 
930 |a Colección General 
905 |a 101 
901 |a 0500294856  |b IT1  |c ACC  |i c158330  |u 20250521 
902 |a https://opac.biblio.iteso.mx/vufind/Record/000399695